Miasta w województwie małopolskim po powiatach - Statystyki

Ogólne statystyki
  • Ten quiz został rozwiązany 23 razy
    19 od ostatniego zresetowania
  • Średni wynik to 54 z 64
Statystyki odpowiedzi
lp. Populacja Miasto % Poprawnych
1 18 000 Andrychów
100%
1 28 000 Bochnia
100%
1 16 000 Brzesko
100%
1 34 000 Chrzanów
100%
1 25 000 Gorlice
100%
1 811 000 Kraków
100%
1 14 000 Limanowa
100%
1 11 000 Miechów
100%
1 18 000 Myślenice
100%
3 80 000 Nowy Sącz
100%
1 31 000 Nowy Targ
100%
1 32 000 Olkusz
100%
1 36 000 Oświęcim
100%
1 6 000 Proszowice
100%
1 8 900 Sucha Beskidzka
100%
2 102 000 Tarnów
100%
2 17 000 Wadowice
100%
1 28 000 Wieliczka
100%
1 25 000 Zakopane
100%
1 11 000 Dąbrowa Tarnowska
93%
3 4 300 Kalwaria Zebrzydowska
93%
2 850 Książ Wielki
93%
3 16 000 Libiąż
93%
2 5 500 Maków Podhalański
93%
2 17 000 Niepołomice
93%
2 12 000 Rabka-Zdrój
93%
1 24 000 Skawina
93%
2 8 700 Stary Sącz
93%
4 3 200 Alwernia
86%
3 11 000 Brzeszcze
86%
4 3 700 Czarny Dunajec
86%
2 17 000 Kęty
86%
1 9 600 Krynica-Zdrój
86%
2 9 700 Krzeszowice
86%
2 7 800 Mszana Dolna
86%
5 4 400 Muszyna
86%
2 19 000 Trzebinia
86%
3 8 000 Wolbrom
86%
4 8 400 Chełmek
79%
2 2 300 Czchów
79%
3 5 900 Grybów
79%
3 760 Koszyce
79%
2 1 600 Nowe Brzesko
79%
4 5 400 Piwniczna-Zdrój
79%
3 4 200 Słomniki
79%
7 1 600 Zakliczyn
79%
5 3 600 Zator
79%
3 6 200 Dobczyce
71%
3 5 400 Jordanów
71%
2 2 700 Nowy Wiśnicz
71%
4 3 900 Skała
71%
5 2 400 Świątniki Górne
71%
3 5 200 Szczawnica
71%
3 3 100 Wojnicz
71%
2 4 100 Żabno
71%
2 4 300 Biecz
64%
3 3 100 Bobowa
64%
6 2 500 Ciężkowice
64%
2 6 500 Sułkowice
64%
1 6 200 Tuchów
64%
2 9 400 Bukowno
57%
4 2 700 Radłów
57%
5 2 600 Ryglice
50%
2 4 100 Szczucin
50%
Nie znaleziono quizów pasujących do podanych kryteriów
Rozkład punktacji
Procent ludzi z każdym wynikiem
Percentyl według liczby udzielonych odpowiedzi
Twoja historia wyników
Nie rozwiązałeś tego quizu od ostatniego zresetowania